Design of concrete structures (Record no. 3628)

000 -LEADER
fixed length control field 00663nam a2200229 a 4500
001 - CONTROL NUMBER
control field 3628
003 - CONTROL NUMBER IDENTIFIER
control field BD-DhUET
008 - FIXED-LENGTH DATA ELEMENTS--GENERAL INFORMATION
fixed length control field 850621s1985 enka b 101 0 eng
020 ## - INTERNATIONAL STANDARD BOOK NUMBER
International Standard Book Number 007Y665486
040 ## - CATALOGING SOURCE
Original cataloging agency DLC
Transcribing agency DLC
Modifying agency BD-DhUET
082 00 - DEWEY DECIMAL CLASSIFICATION NUMBER
Classification number 624.183
Item number NIL/1986
100 ## - MAIN ENTRY--PERSONAL NAME
Personal name Nilson, Arthur H.
245 00 - TITLE STATEMENT
Title Design of concrete structures
Statement of responsibility, etc. by Arthur H. Nilson and George Winter
250 ## - EDITION STATEMENT
Edition statement 10th ed.
260 ## - PUBLICATION, DISTRIBUTION, ETC. (IMPRINT)
Place of publication, distribution, etc. New York:
Name of publisher, distributor, etc. McGraw Hill Book Company,
Date of publication, distribution, etc. 1986.
300 ## - PHYSICAL DESCRIPTION
Extent xi, 380 p. :
Other physical details ill. ;
Dimensions 23 cm.
490 ## - SERIES STATEMENT
Series statement Civil engineering series
504 ## - BIBLIOGRAPHY, ETC. NOTE
Bibliography, etc Includes bibliographies
650 #0 - SUBJECT ADDED ENTRY--TOPICAL TERM
Topical term or geographic name as entry element Reinforced concrete
700 ## - ADDED ENTRY--PERSONAL NAME
Personal name Winter, George
942 ## - ADDED ENTRY ELEMENTS (KOHA)
Koha item type General Book
Holdings
Koha out on loan Location (home branch) Copy number Koha issues (times borrowed) Lost status Price effective from Source of classification or shelving scheme Piece designation (barcode) Koha renewals Koha full call number Koha date last seen Koha item type Sublocation or collection (holding branch) Koha date last borrowed Date acquired Damaged status Koha normalized classification for sorting Not for loan Withdrawn status Shelving location
2027-02-23Central Library, BUET16 2014-11-02 778731624.183/NIL/19862026-02-23General BookCentral Library, BUET2026-02-232014-11-02 624_000000000000000_183NIL1986  Circulation section
 Central Library, BUET১০/ক-১  2024-12-04 77816 624.183 NIL/19862024-12-04Rental ItemCentral Library, BUET 1990-10-23 624_183000000000000_NIL_1986  Rental section
 Central Library, BUET১০/ক-২  2024-12-04 77817 624.183 NIL/19862024-12-04Rental ItemCentral Library, BUET 1990-10-23 624_183000000000000_NIL_1986  Rental section
 Central Library, BUET১০/ক-৩  2024-12-04 77818 624.183 NIL/19862024-12-04Rental ItemCentral Library, BUET 1990-10-23 624_183000000000000_NIL_1986  Rental section
 Central Library, BUET১০/ক-৪  2024-12-04 77819 624.183 NIL/19862024-12-04Rental ItemCentral Library, BUET 1990-10-23 624_183000000000000_NIL_1986  Rental section
 Central Library, BUET১০/ক-৫  2024-12-04 77820 624.183 NIL/19862024-12-04Rental ItemCentral Library, BUET 1990-10-23 624_183000000000000_NIL_1986  Rental section
 Central Library, BUET১০/ক-৬  2024-12-04 77821 624.183 NIL/19862024-12-04Rental ItemCentral Library, BUET 1990-10-23 624_183000000000000_NIL_1986  Rental section
 Central Library, BUET১০/ক-৭  2024-12-04 77822 624.183 NIL/19862024-12-04Rental ItemCentral Library, BUET 1990-10-23 624_183000000000000_NIL_1986  Rental section
 Central Library, BUET১০/ক-৮  2024-12-04 77823 624.183 NIL/19862024-12-04Rental ItemCentral Library, BUET 1990-10-23 624_183000000000000_NIL_1986  Rental section
 Central Library, BUET১০/ক-৯  2024-12-04 77824 624.183 NIL/19862024-12-04Rental ItemCentral Library, BUET 1990-10-23 624_183000000000000_NIL_1986  Rental section
 Central Library, BUET১০/ক-১০  2024-12-04 77825 624.183 NIL/19862024-12-04Rental ItemCentral Library, BUET 1990-10-23 624_183000000000000_NIL_1986  Rental section
 Central Library, BUET১০/ক-১১  2024-12-04 77826 624.183 NIL/19862024-12-04Rental ItemCentral Library, BUET 1990-10-23 624_183000000000000_NIL_1986  Rental section
 Central Library, BUET১০/ক-১২  2024-12-04 77827 624.183 NIL/19862024-12-04Rental ItemCentral Library, BUET 1990-10-23 624_183000000000000_NIL_1986  Rental section
 Central Library, BUET১০/ক-১৩  2024-12-04 77828 624.183 NIL/19862024-12-04Rental ItemCentral Library, BUET 1990-10-23 624_183000000000000_NIL_1986  Rental section
 Central Library, BUET১০/ক-১৪  2024-12-04 77829 624.183 NIL/19862024-12-04Rental ItemCentral Library, BUET 1990-10-23 624_183000000000000_NIL_1986  Rental section
 Central Library, BUET১০/ক-১৫  2024-12-04 77830 624.183 NIL/19862024-12-04Rental ItemCentral Library, BUET 1990-10-23 624_183000000000000_NIL_1986  Rental section
 Central Library, BUET১০/ক-১৬  2024-12-04 77831 624.183 NIL/19862024-12-04Rental ItemCentral Library, BUET 1990-10-23 624_183000000000000_NIL_1986  Rental section
 Central Library, BUET১০/ক-১৭  2024-12-04 77832 624.183 NIL/19862024-12-04Rental ItemCentral Library, BUET 1990-10-23 624_183000000000000_NIL_1986  Rental section
 Central Library, BUET১০/ক-১৮  2024-12-04 77833 624.183 NIL/19862024-12-04Rental ItemCentral Library, BUET 1990-10-23 624_183000000000000_NIL_1986  Rental section
 Central Library, BUET১০/ক-১৯  2024-12-04 77834 624.183 NIL/19862024-12-04Rental ItemCentral Library, BUET 1990-10-23 624_183000000000000_NIL_1986  Rental section
 Central Library, BUET১০/ক-২০  2024-12-04 77835 624.183 NIL/19862024-12-04Rental ItemCentral Library, BUET 1990-10-23 624_183000000000000_NIL_1986  Rental section